Principles of bioinorganic chemistry (Record no. 1513)
[ view plain ]
| 000 -LEADER | |
|---|---|
| fixed length control field | 00633nam a22002177a 4500 |
| 003 - CONTROL NUMBER IDENTIFIER | |
| control field | OSt |
| 005 - DATE AND TIME OF LATEST TRANSACTION | |
| control field | 20210409161933.0 |
| 008 - FIXED-LENGTH DATA ELEMENTS--GENERAL INFORMATION | |
| fixed length control field | 150421b xxu||||| |||| 00| 0 eng d |
| 020 ## - INTERNATIONAL STANDARD BOOK NUMBER | |
| International Standard Book Number | 9780935702729 |
| 040 ## - CATALOGING SOURCE | |
| Transcribing agency | DDC |
| 082 ## - DEWEY DECIMAL CLASSIFICATION NUMBER | |
| Edition number | 22nd ed. |
| Classification number | 572.51 LIP 1994 |
| 100 ## - MAIN ENTRY--PERSONAL NAME | |
| Personal name | Lippard, Stephen |
| 9 (RLIN) | 3974 |
| 245 ## - TITLE STATEMENT | |
| Title | Principles of bioinorganic chemistry |
| 260 ## - PUBLICATION, DISTRIBUTION, ETC. (IMPRINT) | |
| Place of publication, distribution, etc. | United States; |
| Name of publisher, distributor, etc. | University Science Books, |
| Date of publication, distribution, etc. | 1994 |
| 300 ## - PHYSICAL DESCRIPTION | |
| Extent | xvii, 411p; |
| Other physical details | col.ill: |
| Dimensions | 26cm |
| 504 ## - BIBLIOGRAPHY, ETC. NOTE | |
| Bibliography, etc | Bibliography, & index included |
| 650 ## - SUBJECT ADDED ENTRY--TOPICAL TERM | |
| Topical term or geographic name as entry element | Bioinorganic Chemistry |
| 9 (RLIN) | 3975 |
| 650 ## - SUBJECT ADDED ENTRY--TOPICAL TERM | |
| Topical term or geographic name as entry element | Chemistry |
| 9 (RLIN) | 797 |
| 700 ## - ADDED ENTRY--PERSONAL NAME | |
| Personal name | Berg, Jeremy M. |
| 9 (RLIN) | 3976 |
| 942 ## - ADDED ENTRY ELEMENTS (KOHA) | |
| Source of classification or shelving scheme | Dewey Decimal Classification |
| Koha item type | Open Shelf |
| Withdrawn status | Lost status | Source of classification or shelving scheme | Damaged status | Not for loan | Home library | Current library | Date acquired | Source of acquisition | Inventory number | Total Checkouts | Full call number | Barcode | Date last seen | Koha item type | Price effective from |
|---|---|---|---|---|---|---|---|---|---|---|---|---|---|---|---|
| Dewey Decimal Classification | MUST Main Library | MUST Main Library | 21/04/2015 | Purchase | 13/37317 | 572.51 LIP 1994 | 2015-1065 | 21/04/2015 | Open Shelf | ||||||
| Dewey Decimal Classification | MUST Main Library | MUST Main Library | 30/01/2017 | Purchase | 13/36975 | 572.51 LIP 1994 | 2017-0072 | 30/01/2017 | Open Shelf | ||||||
| Dewey Decimal Classification | MUST Main Library | MUST Main Library | 04/06/2021 | Purchase | 04/20871 | 572.51 LIP 1994 | 2021-0659 | 04/06/2021 | Open Shelf | 04/06/2021 | |||||
| Dewey Decimal Classification | MUST Main Library | MUST Main Library | 04/06/2021 | Purchase | 06/28314 | 572.51 LIP 1994 | 2021-0660 | 04/06/2021 | Open Shelf | 04/06/2021 |
